| 000 | 00815nam a22002177a 4500 | ||
|---|---|---|---|
| 005 | 20240918152512.0 | ||
| 008 | 220725b ||||| |||| 00| 0 eng d | ||
| 040 | _cAloy | ||
| 041 | _ahin | ||
| 082 |
_223 _aH891.4 _bCHOB |
||
| 100 |
_aSuryanarayan Choudhri: _9179353 |
||
| 100 |
_953187 _dसूर्यनारायण चौधरी |
||
| 245 |
_aBihar ki asimta _bबिहार की अस्मिता |
||
| 260 |
_aDilli _bSahity Kendr Prakashan _c1991 |
||
| 300 |
_a212p. _bHB _c22x14cm. |
||
| 365 |
_2Hindi _b150.00 _c₹ _d150.00 |
||
| 650 |
_aHindi Prose: हिंदी गध्य _953180 |
||
| 650 |
_aHindi Literature: हिंदी साहित्य _953181 |
||
| 700 |
_aCHOUDHRI (Suryanarayan): चौधरी (सूर्यनारायण) _953182 |
||
| 942 |
_2ddc _cGF |
||
| 999 |
_c224167 _d224167 |
||